000 00318nam a22001337a 4500
008 170320b xxu||||| |||| 00| 0 eng d
020 _a3137477026
041 _aeng
080 _a616.8
100 _a7
101 _aSHM
245 _aAPHASIA AND RELATED NEUROGENIC LANGUAGE DISORDERS
_cLAPOINTE, L.L
942 _2udc
_cBK
999 _c8101
_d8101